| 000 | 00536nam a22001577a 4500 | ||
|---|---|---|---|
| 003 | OSt | ||
| 005 | 20150914151107.0 | ||
| 008 | 150914b xxu||||| |||| 00| 0 eng d | ||
| 040 | _cRUA | ||
| 082 | _aAGR NGU 1999 B024 Or.1 | ||
| 100 |
_9464 _aNGUON, VIRAK. |
||
| 245 | _aParasite rearing for diamondback moth control ការចិញ្ចឹមប៉ារ៉ាស៊ីតសំរាប់កំចាត់ដង្កូវយោលទោង | ||
| 260 |
_aPhnom Penh _bRUA _c1999 |
||
| 300 |
_a67p. _bill. _c29cm. |
||
| 942 |
_2ddc _cAGR |
||
| 999 |
_c442 _d442 |
||